000
00340pab a2200145 454500
008
180718b2003 xxu||||| |||| 00| 0 eng d
100
_a
Yadav, Vivek
245
_a
Constitution review and election commission
260
_c
2003
300
_a
p.16-18.
362
_a
18 Oct
650
_a
Elections
773
_a
Mainstream
909
_a
58276
999
_c
58276
_d
58276